| 000 | 00654cam a22001811 4500 | ||
|---|---|---|---|
| 082 | 0 | 0 |
_a658.4032 _bMOD _cL-13, P-79 |
| 100 | 1 |
_aModer, Joseph J. _944665 |
|
| 245 | 1 | 0 |
_aProject management with CPM and PERT _c[by] Joseph J. Moder [and] Cecil R. Phillips. |
| 260 |
_aNew York, _bReinhold Pub. Corp. _c[1964] |
||
| 300 |
_axvi, 283 p. _billus. _c24 cm. |
||
| 490 | 0 | _aReinhold industrial engineering and management sciences textbook series | |
| 526 |
_a0 _b0 _c0 _d658_403200000000000_MOD |
||
| 650 | 0 |
_aMCE _9379 |
|
| 650 | 0 |
_aNetwork analysis (Planning) _925260 |
|
| 650 | 0 | _aProject management. | |
| 700 | 1 |
_aPhillips, Cecil R., _944666 |
|
| 942 |
_2ddc _cBK |
||
| 999 |
_c548390 _d548390 |
||